000 00712nam a2200241Ia 4500
005 20260430150004.0
008 008 250103s9999 xx 000 0 eng d
037 _aTheses
040 _aCRL
040 _beng
040 _ceng
041 _2eng
041 _aeng
084 _qCRL
100 _aSalim Sana Au.; Ragi Sangit Kumar Gu.
_91236124
245 0 _aInterrogating the conventional institutions of learning in India: analyzing the future prospects of madarsa students
260 _c2021
300 _a170p.
650 _aPolitical Science
700 _aUniversity of Delhi. Faculty of Social Sciences. Department of Political Science
_9520505
942 _cTH
999 _c1848666
_d1848666